Formule 1 - Quiz écurie : Haas - Statistiques

Statistiques générales
  • Ce quiz a été pris 111 fois
  • Le résultat moyen est 15 sur 19
Statistiques - réponses
Hint Réponse % Correct
Champion du monde constructeur Nombre de titres 0
96%
Champion du monde pilote Nombre de titres 0
96%
Tous les pilotes 2017-2020 & 2022-2024 Kevin Magnussen
96%
Tous les pilotes Depuis 2025 Oliver 'Ollie' Bearman
95%
Tous les pilotes 2023-2024 Nico Hülkenberg
94%
Histoire Première année de F1 2016
93%
Tous les pilotes Depuis 2024 Esteban Ocon
93%
Histoire Pays d'origine États-Unis
92%
Histoire Fondateur Gene Haas
92%
Histoire Président Gene Haas
92%
Histoire Couleur Rouge
88%
Tous les pilotes 2016-2019 Romain Grosjean
84%
Tous les pilotes 2021-2022 Mick Schumacher
79%
Tous les pilotes 2021 Nikita Mazepin
79%
Histoire Année de création 2013
75%
Histoire Nom Complet (aujourd'hui) Haas F1 Team
71%
Tous les pilotes 2020 Pietro Fittipaldi
47%
Histoire Directeur Ayao Komatsu
46%
Tous les pilotes 2016 Esteban Gutiérrez
39%
Aucun quiz correspondant
Distribution des résultats
% des personnes avec chaque résultat
Percentile par nombre de réponses
Votre historique - résultats
Vous n’avez pas pris ce quiz